LEADER 00759nam a2200205 i 4500 001 000000168391 003 CaOOAMICUS 005 20260220123144.0 008 080110s2007 it u000 u ita u 040 $aSeMil$bita 245 10$aF-Pa. 300 $a557 p., 73 p. di tav. :$bill. 773 0 $t21. secolo.$dRoma : Istituto della Enciclopedia Italiana, 2006-2007.$g2$w()19040 850 $aSeMil 852 $aSeMil$W1$xVenegono$y1$m1AA VI 4/2$j267433$B119471$CSeMilBibl$Z2$F130625 $8I 852 $aSeMil$W1$xVenegono$y1$mSL1.K IV 5/2$j267434$B257313$CSeMilBibl$Z2$F257313 $8I 961 $aAcquisto: Garzanti (agente) 961 $aBucca Anna Maria - Omaggio 996 $6245$aF-Pa$9(OLS)http://semarc/title/240914 LEADER 01528nam a2200289 i 4500 001 000000243269 003 CaOOAMICUS 005 20150629000000.0 008 150629s1982 xx u000 u fre u 013 $a222174 040 $aSeMil$bita 100 1 $aMalègue, Joseph,$d<1876-1940>.$0(OLS)http://semarc/name/8330 245 10$aS'ouvrir à la miséricorde :$bpar le Sacrement de Pénitence /$cPaul Toinet, Bertrand de Margerie ; [préface du Card. Renard]. 260 $aParis :$bFAC,$ccopyr. 1982. 300 $a226 p. ;$c21 cm. 490 0 $aThéologie nouvelle 500 $aIn appendice : Plan d'une Session possible sur le Sacrement de Réconciliation. - Annexe : «Moi qui demandais un centre pour ma pauvre vie...» / teste de Joseph Malègue (Augustin, ou le Maître est là). 650 4$aPenitenza - Teologia.$0(OLS)http://semarc/subject/4659 700 1 $aRenard, Alexandre Charles .$0(OLS)http://semarc/name/17044 700 1 $aToinet, Paul,$d<1924- >.$0(OLS)http://semarc/name/25222 700 1 $aMargerie, Bertrand : de,$c.$0(OLS)http://semarc/name/4736 830 0$aThéologie nouvelle.$0(OLS)http://semarc/title/32589 850 $aSeMil 852 $aSeMil$W1$xVenegono$y1$m2D II 325$j193615$B193615$CSeMilBibl$Z2$F205376 $81 961 $aOmaggio: Martinelli don Romano 996 $6245$aS'ouvrir à la miséricorde :$bpar le Sacrement de Pénitence$9(OLS)http://semarc/title/345066 996 $6260$aParis :$bFAC$9(OLS)http://semarc/publisher/38009